Statistics for Types of Disasters

Click here to take the quiz!

General Stats

  • This quiz has been taken 74,976 times
    (57,231 since last reset)
  • The average score is 17 of 23

Answer Stats

HintDisaster% Correct
What destroyed Pompeii in 79ADVolcano
98%
Really big wave, often caused
by the above
Tsunami
96%
Katrina, Camille, Andrew, e.g.Hurricane
93%
Water, water everywhereFlood
91%
It's not love, but you'll be all shook upEarthquake
90%
One of these took Dorothy to OzTornado
90%
One of these probably killed
the dinosaurs
Asteroid
87%
Uncontrollable spread of diseaseEpidemic/Pandemic
85%
Chernobyl or Fukushima, e.g.Nuclear Accident
85%
Prolonged period of little rainDrought
79%
Ireland suffered one in 1845-1849Famine /
Crop Failure
79%
Like the above, but with snowAvalanche
76%
Loose or wet soil can cause thisMudslide/Landslide
74%
If you don't have AC, this
may be unpleasant
Heat Wave
70%
The eventual result
of greenhouse gas buildup
Global Warming
67%
Biblical crop-eatersLocusts
67%
A disaster of Titanic proportionsShipwreck
67%
The ultimate failure of diplomacyWar
64%
Exxon Valdez, e.g.Oil Spill
60%
Like the above,
but in the northwest Pacific
Typhoon
58%
Canadian geese were to blame for
at least one of these incidents
Plane Crash
50%
Australia's "Black Saturday" in 2009
was a deadly example of this
Wildfire
50%
Time-bomb lurking under YellowstoneSupervolcano
36%

Score Distribution

Percentile by Number Answered

Percent of People with Each Score

Your Score History

You have not taken this quiz since the last reset